<?xml version="1.0" encoding="utf-8"?>
<?xml-stylesheet type='text/xsl' href='./oai2.xsl'?>
<OAI-PMH xmlns="http://www.openarchives.org/OAI/2.0/" xmlns:xsi="http://www.w3.org/2001/XMLSchema-instance" xsi:schemaLocation="http://www.openarchives.org/OAI/2.0/ http://www.openarchives.org/OAI/2.0/OAI-PMH.xsd">
  <responseDate>2026-05-15T18:08:34Z</responseDate>
  <request verb="GetRecord" metadataPrefix="marcxml" identifier="record_kuniweb_400837">https://kulturerbe.niedersachsen.de/oai</request>
  <GetRecord>
    <record>
      <header>
        <identifier>record_kuniweb_400837</identifier>
        <datestamp>2025-08-28T09:38:22Z</datestamp>
        <setSpec>slg0183</setSpec>
      </header>
      <metadata>
        <marc:record xmlns:marc="http://www.loc.gov/MARC21/slim" xsi:schemaLocation="http://www.loc.gov/MARC21/slim http://www.loc.gov/standards/marcxml/schema/MARC21slim.xsd">
          <marc:leader>12345nkm  22     uu 4500</marc:leader>
          <marc:controlfield tag="001">400837</marc:controlfield>
          <marc:controlfield tag="003">http://kuniweb.gbv.de</marc:controlfield>
          <marc:controlfield tag="005">2025-08-13T12:29:50</marc:controlfield>
          <marc:controlfield tag="008">|           ||||||||||||||||||||||</marc:controlfield>
          <marc:datafield tag="245" ind1="1" ind2="0">
            <marc:subfield code="a">Strandgegend von Scheveningen</marc:subfield>
          </marc:datafield>
          <marc:datafield tag="720" ind1=" " ind2=" ">
            <marc:subfield code="a">Andreas Achenbach</marc:subfield>
          </marc:datafield>
          <marc:datafield tag="655" ind1=" " ind2="7">
            <marc:subfield code="a">Malerei</marc:subfield>
          </marc:datafield>
          <marc:datafield tag="046" ind1=" " ind2=" ">
            <marc:subfield code="k">1837</marc:subfield>
            <marc:subfield code="k">1837 (Signatur)</marc:subfield>
          </marc:datafield>
          <marc:datafield tag="260" ind1=" " ind2=" ">
            <marc:subfield code="g">1837</marc:subfield>
            <marc:subfield code="g">1837 (Signatur)</marc:subfield>
          </marc:datafield>
          <marc:datafield tag="300" ind1=" " ind2=" ">
            <marc:subfield code="a">Höhe: 63 cm
Höhe: 82,3 cm (Rahmen)
Breite: 79 cm
Breite: 98 cm (Rahmen)</marc:subfield>
          </marc:datafield>
          <marc:datafield tag="520" ind1=" " ind2=" ">
            <marc:subfield code="a">Die Strandgegend von Scheveningen zeigt die Fischer bei ihrer Arbeit. Einige Kähne sind auf dem Wasser, andere noch an Land um den Seegang vorzubereiten. Das Wasser zeigt einen regen Wellengang, dunkle Wolken kommen von dem Wasser her. In der linken Bildhälfte erkennt man im Hintergrund eine Stadtsilhouette mit Kirchturm. Über der Stadt scheint noch die Sonne und taucht den Himmel in ein oranges Licht, das in Kontrast zu den dunklen Wolken über dem Meer steht.
 (Städtisches Museum Braunschweig)

Aufschrift:
Rückseite: Lw. in Kreide: "18.11.63", u. li.: "Städt. Museum / Braunschweig / Kt. Nr. 1" (schwarzer Filzstift), Keilrahmen o. in Kreide: "BRAUNSCHWEIG", re. alter Klebezettel seitenverkehrt mit rotem Museumsstempel, "Nr. 12 Achenbach" (Tinte)-, u.: "Kt. Nr. 1 Andreas Achenbach" (schw. Filzstift)

Aufschrift:
"A. Achenbach 1837" (Signatur am Kahn)

Beschrieben in:
LDM 1, S. 40ff.; AKL 1 (1992), S. 220f., Museumsführer 1971, S. 41 (sw-Abb.); Museumsführer 1908, S. 63 (Bild erw.); Verz. 5 BrKA 1838, S. 3, Nr. 5 (hier als "Standrecht bei Scheveningen bez.); Ponten 1983 (Gemälde nicht im WV); AK Achenbach 1997, S. 210 u. sw-Abb. auf S. 17; AK Liebermann 2011, S. 12, Farb-Abb. 3

Beschrieben in:
J. M. Nauhaus, „Die Gemäldesammlung des Städtischen Museums Braunschweig : vollständiges Bestandsverzeichnis und Verlustdokumentation. Die Gemäldesammlung // Städtisches Museum Braunschweig“. Olms, Hildesheim [u.a.], 2009. (S. 29, Kat. Nr. 1.)

Veröffentlicht in:
B. Bilzer und O. Hoppe, „Führer durch die Schausammlung Gemäldegalerie“, Arbeitsberichte aus dem Städtischen Museum Braunschweig, Bd. 18. Städt. Museum, Braunschweig, 1971. (S. 41.)</marc:subfield>
          </marc:datafield>
          <marc:datafield tag="650" ind1="1" ind2=" ">
            <marc:subfield code="a">Gemälde</marc:subfield>
          </marc:datafield>
          <marc:datafield tag="650" ind1="1" ind2=" ">
            <marc:subfield code="a">Landschaft</marc:subfield>
          </marc:datafield>
          <marc:datafield tag="650" ind1="1" ind2=" ">
            <marc:subfield code="a">Fischer</marc:subfield>
          </marc:datafield>
          <marc:datafield tag="650" ind1="1" ind2=" ">
            <marc:subfield code="a">Malerei</marc:subfield>
          </marc:datafield>
          <marc:datafield tag="650" ind1="1" ind2=" ">
            <marc:subfield code="a">Malerei &gt; Gemälde</marc:subfield>
          </marc:datafield>
          <marc:datafield tag="650" ind1="1" ind2=" ">
            <marc:subfield code="a">Malerei</marc:subfield>
          </marc:datafield>
          <marc:datafield tag="650" ind1="1" ind2=" ">
            <marc:subfield code="a">Scheveningen (South Holland, Gemeente Den Haag)</marc:subfield>
          </marc:datafield>
          <marc:datafield tag="773" ind1="0" ind2=" ">
            <marc:subfield code="t">Sammlung Malerei</marc:subfield>
          </marc:datafield>
          <marc:datafield tag="852" ind1=" " ind2=" ">
            <marc:subfield code="a">Städtisches Museum Braunschweig</marc:subfield>
          </marc:datafield>
          <marc:datafield tag="" ind1=" " ind2=" ">
            <marc:subfield code="a">Namensnennung - Nicht kommerziell - Keine Bearbeitungen 4.0 International (CC BY-NC-ND 4.0)</marc:subfield>
          </marc:datafield>
        </marc:record>
      </metadata>
    </record>
  </GetRecord>
</OAI-PMH>
